000 01107nam a2200289 c 4500
003 BLK
005 20180422115606.0
008 180411b bul|||||r ||||||| ||bul||
010 _aKNG00197424000
040 _aBLK
041 _aBUL
_cBUL
080 _aНемска литература
_b821.112.2
_x-31
_z821.112.2-31
100 1 _aХертлинг, Петер
_eпърви автор
_9136867
700 1 _aУзунова-Калудиева, Цветана
_eпрев. от нем.
_9364877
139 _aХертлинг, Петер
_bХ 43
245 1 0 _aКатарина
_bРоман на едно поколение
_cПетер Хертлинг; прев. от нем. Цветана Узунова-Калудиева.
257 _aDRG
260 Варна
_bГеорги Бакалов
_c1987
300 _a307 с.
_c20 см
380 _aX
500 _aОриг. загл. Eine Frau / Peter Kartling. - Без тир.
852 _aЦб 151490
856 4 _qpdf
_u
856 4 _qpdf
_u
942 _cKNG
_n0
944 _aCR
_c05.12.2016
_kВаля_Йорданова
944 _aED
_c05.12.2016
_kВаля_Йорданова
999 _c188406
_d188406